[Event "WYCC Open 10"]
[Site "Porto Carras"]
[Date "2015.10.27"]
[Round "3.9"]
[White "Kirillov, Dmitry"]
[Black "Sartorio, William J"]
[Result "0-1"]
[BlackElo "1725"]
[WhiteElo "1894"]
[LiveChessVersion "1.4.6"]

1. e4 {[%clk 1:30:58]} c5 {[%clk 1:30:55]} 2. Nf3 {[%clk 1:31:22]} e6
{[%clk 1:31:20]} 3. Nc3 {[%clk 1:31:19]} a6 {[%clk 1:31:40]} 4. d4
{[%clk 1:31:46]} cxd4 {[%clk 1:32:02]} 5. Nxd4 {[%clk 1:32:11]} Qc7
{[%clk 1:32:13]} 6. Be3 {[%clk 1:31:12]} Bb4 {[%clk 1:31:29]} 7. Qd3
{[%clk 1:24:12]} Nf6 {[%clk 1:28:01]} 8. f3 {[%clk 1:17:37]} Nc6 {[%clk 1:23:40]}
9. Nxc6 {[%clk 1:11:35]} dxc6 {[%clk 1:15:33]} 10. Be2 {[%clk 0:58:12]} O-O
{[%clk 1:12:10]} 11. Rd1 {[%clk 0:56:42]} b5 {[%clk 1:07:26]} 12. O-O
{[%clk 0:47:24]} Bb7 {[%clk 1:03:58]} 13. Bf2 {[%clk 0:46:02]} Rad8
{[%clk 0:59:23]} 14. Qe3 {[%clk 0:42:45]} e5 {[%clk 0:57:01]} 15. Kh1
{[%clk 0:37:33]} Be7 {[%clk 0:49:36]} 16. Qb6 {[%clk 0:26:59]} Qb8
{[%clk 0:42:45]} 17. a4 {[%clk 0:23:56]} Nd7 {[%clk 0:37:38]} 18. Qa5
{[%clk 0:22:45]} b4 {[%clk 0:33:45]} 19. Nb1 {[%clk 0:20:27]} c5 {[%clk 0:33:23]}
20. c3 {[%clk 0:20:23]} Bd6 {[%clk 0:32:59]} 21. Bxa6 {[%clk 0:20:14]} Bc6
{[%clk 0:28:02]} 22. Be2 {[%clk 0:19:09]} Rc8 {[%clk 0:17:12]} 23. cxb4
{[%clk 0:18:04]} cxb4 {[%clk 0:17:27]} 24. Qa7 {[%clk 0:14:13]} Qxa7
{[%clk 0:14:42]} 25. Bxa7 {[%clk 0:14:37]} Bc5 {[%clk 0:14:59]} 26. Bxc5
{[%clk 0:15:02]} Nxc5 {[%clk 0:15:20]} 27. a5 {[%clk 0:15:28]} Ba4
{[%clk 0:15:05]} 28. Rd5 {[%clk 0:15:15]} f6 {[%clk 0:14:40]} 29. Nd2
{[%clk 0:14:32]} Ne6 {[%clk 0:12:50]} 30. Bc4 {[%clk 0:11:41]} Kh8
{[%clk 0:11:58]} 31. b3 {[%clk 0:07:05]} Bc6 {[%clk 0:11:00]} 32. Rd6
{[%clk 0:07:28]} Nc5 {[%clk 0:11:24]} 33. Bd5 {[%clk 0:05:04]} Bxd5
{[%clk 0:10:39]} 34. Rxd5 {[%clk 0:05:14]} Rfd8 {[%clk 0:10:38]} 35. Rc1
{[%clk 0:03:40]} Ne6 {[%clk 0:07:23]} 36. Rxc8 Rxc8 {[%clk 0:07:48]} 37. Nc4
{[%clk 0:03:35]} h6 {[%clk 0:06:39]} 38. Rb5 {[%clk 0:02:30]} Nd4
{[%clk 0:05:02]} 39. Rxb4 {[%clk 0:02:54]} Nxb3 {[%clk 0:05:23]} 40. Rxb3
{[%clk 0:32:32]} Rxc4 {[%clk 0:35:47]} 41. Kg1 {[%clk 0:32:55]} Ra4
{[%clk 0:35:30]} 42. Rb8+ {[%clk 0:31:53]} Kh7 {[%clk 0:35:53]} 43. Ra8
{[%clk 0:32:15]} Ra2 {[%clk 0:36:10]} 44. a6 {[%clk 0:28:03]} Kg6
{[%clk 0:34:23]} 45. g3 {[%clk 0:24:11]} Ra3 {[%clk 0:26:51]} 46. f4
{[%clk 0:21:52]} exf4 {[%clk 0:23:40]} 47. gxf4 {[%clk 0:22:17]} Kh5
{[%clk 0:23:43]} 48. e5 {[%clk 0:15:07]} Kg4 {[%clk 0:23:02]} 49. Kf2
{[%clk 0:14:22]} Kxf4 {[%clk 0:22:12]} 50. a7 {[%clk 0:13:57]} Ra2+
{[%clk 0:22:23]} 51. Ke1 {[%clk 0:13:56]} Ke3 {[%clk 0:22:40]} 52. Kd1
{[%clk 0:12:24]} fxe5 {[%clk 0:22:58]} 53. Re8 {[%clk 0:12:19]} Rxa7
{[%clk 0:23:09]} 54. Rxe5+ {[%clk 0:12:44]} Kf4 {[%clk 0:23:34]} 55. Rb5
{[%clk 0:12:20]} Ra1+ {[%clk 0:23:58]} 56. Ke2 {[%clk 0:11:22]} Ra2+
{[%clk 0:24:23]} 57. Kf1 {[%clk 0:11:43]} Rxh2 {[%clk 0:24:42]} 58. Rb7
{[%clk 0:12:03]} g6 {[%clk 0:24:39]} 59. Rb4+ {[%clk 0:12:22]} Kg5
{[%clk 0:25:01]} 60. Kg1 {[%clk 0:12:27]} Ra2 {[%clk 0:24:36]} 61. Rb5+
{[%clk 0:12:47]} Kh4 {[%clk 0:24:57]} 62. Rb4+ {[%clk 0:12:58]} Kh5
{[%clk 0:25:20]} 63. Rb5+ {[%clk 0:13:17]} g5 {[%clk 0:25:45]} 64. Rc5
{[%clk 0:13:38]} Kh4 {[%clk 0:26:05]} 65. Rc4+ {[%clk 0:13:19]} g4
{[%clk 0:26:29]} 66. Rc6 {[%clk 0:13:46]} h5 {[%clk 0:26:55]} 67. Rc5
{[%clk 0:14:11]} g3 {[%clk 0:26:41]} 68. Rb5 {[%clk 0:14:05]} Re2
{[%clk 0:25:55]} 69. Kf1 {[%clk 0:13:22]} Re4 {[%clk 0:25:08]} 70. Kg2
{[%clk 0:12:56]} Kg4 {[%clk 0:25:29]} 71. Rb8 {[%clk 0:13:21]} Re2+
{[%clk 0:25:07]} 72. Kf1 {[%clk 0:13:43]} Rc2 {[%clk 0:25:11]} 73. Rb4+
{[%clk 0:13:31]} Kh3 {[%clk 0:25:31]} 0-1

[Event "WYCC Open 10"]
[Site "Porto Carras"]
[Date "2015.10.27"]
[Round "3.10"]
[White "Nguyen, Quoc Hy"]
[Black "Bayaraa, Chinguun"]
[Result "1-0"]
[BlackElo "1893"]
[WhiteElo "1583"]
[LiveChessVersion "1.4.6"]

1. d4 {[%clk 1:23:55]} Nf6 {[%clk 1:30:41]} 2. c4 {[%clk 1:24:20]} e6
{[%clk 1:29:28]} 3. Nf3 {[%clk 1:24:37]} d5 {[%clk 1:29:51]} 4. g3
{[%clk 1:24:56]} Be7 {[%clk 1:26:43]} 5. Bg2 {[%clk 1:25:10]} O-O
{[%clk 1:24:24]} 6. O-O {[%clk 1:25:23]} c6 {[%clk 1:24:26]} 7. Qc2
{[%clk 1:25:42]} b6 {[%clk 1:24:38]} 8. Rd1 {[%clk 1:21:19]} Ba6 {[%clk 1:24:08]}
9. Ne5 {[%clk 1:17:34]} Bb7 {[%clk 1:15:10]} 10. Nc3 {[%clk 1:13:29]} Nbd7
{[%clk 1:14:54]} 11. e4 {[%clk 1:13:09]} dxc4 {[%clk 0:48:15]} 12. Nxc4
{[%clk 1:13:25]} Rc8 {[%clk 0:44:02]} 13. Bf4 {[%clk 1:11:01]} b5
{[%clk 0:43:08]} 14. Nd6 {[%clk 1:09:57]} Bxd6 {[%clk 0:40:48]} 15. Bxd6
{[%clk 1:10:23]} Re8 {[%clk 0:40:10]} 16. e5 {[%clk 1:10:08]} Nd5
{[%clk 0:39:54]} 17. Nxd5 {[%clk 1:09:56]} cxd5 {[%clk 0:38:07]} 18. Qb3
{[%clk 1:10:13]} Qb6 {[%clk 0:37:11]} 19. Bf1 {[%clk 1:07:47]} a6
{[%clk 0:32:08]} 20. Qe3 {[%clk 1:03:46]} f6 {[%clk 0:24:02]} 21. Qf4
{[%clk 0:50:30]} f5 {[%clk 0:23:36]} 22. Rac1 {[%clk 0:40:09]} h6
{[%clk 0:13:44]} 23. h4 {[%clk 0:36:43]} b4 {[%clk 0:10:52]} 24. Be2
{[%clk 0:35:26]} Kh7 {[%clk 0:10:13]} 25. Bd3 {[%clk 0:34:49]} Kg8
{[%clk 0:05:09]} 26. g4 {[%clk 0:19:19]} fxg4 {[%clk 0:01:10]} 27. Bg6
{[%clk 0:19:40]} Rf8 {[%clk 0:01:30]} 28. Rxc8 {[%clk 0:19:06]} Rxc8
{[%clk 0:01:28]} 29. Qf7+ {[%clk 0:19:25]} Kh8 {[%clk 0:01:49]} 30. Qxd7
{[%clk 0:19:38]} b3 {[%clk 0:01:36]} 31. Bc5 {[%clk 0:19:30]} Qa5
{[%clk 0:01:46]} 32. Qxb7 {[%clk 0:19:31]} Rg8 {[%clk 0:01:46]} 33. Qxb3
{[%clk 0:19:44]} Qd8 {[%clk 0:02:03]} 34. Bf7 {[%clk 0:19:16]} Qxh4
{[%clk 0:02:29]} 35. Bxg8 {[%clk 0:19:34]} Kxg8 {[%clk 0:02:51]} 36. Qg3
{[%clk 0:19:56]} Qg5 {[%clk 0:03:18]} 37. Qe3 {[%clk 0:19:12]} Qf5
{[%clk 0:03:26]} 38. Rc1 {[%clk 0:19:23]} h5 {[%clk 0:03:43]} 39. Be7
{[%clk 0:19:39]} a5 {[%clk 0:03:12]} 40. Qg5 {[%clk 0:49:56]} Qf7
{[%clk 0:32:41]} 41. Rc8+ {[%clk 0:50:19]} Kh7 {[%clk 0:32:51]} 42. Rf8
{[%clk 0:50:43]} 1-0

[Event "WYCC Open 10"]
[Site "Porto Carras"]
[Date "2015.10.27"]
[Round "3.11"]
[White "Krastev, Alexander"]
[Black "Ponomarev, Grigori"]
[Result "0-1"]
[BlackElo "1685"]
[WhiteElo "1888"]
[LiveChessVersion "1.4.6"]

1. e4 {[%clk 1:30:44]} e6 {[%clk 1:30:49]} 2. Nf3 {[%clk 1:31:07]} d5
{[%clk 1:31:00]} 3. Nc3 {[%clk 1:31:23]} dxe4 {[%clk 1:31:12]} 4. Nxe4
{[%clk 1:31:38]} Bd7 {[%clk 1:31:33]} 5. d4 {[%clk 1:31:34]} Bc6 {[%clk 1:31:57]}
6. Bd3 {[%clk 1:31:57]} Nd7 {[%clk 1:32:21]} 7. O-O {[%clk 1:30:53]} Ngf6
{[%clk 1:32:43]} 8. Nxf6+ {[%clk 1:30:55]} Nxf6 {[%clk 1:33:04]} 9. c3
{[%clk 1:31:18]} Bxf3 10. Qxf3 {[%clk 1:31:20]} c6 {[%clk 1:30:51]} 11. Re1
{[%clk 1:29:42]} Be7 {[%clk 1:27:45]} 12. Bf4 {[%clk 1:27:34]} Qd5
{[%clk 1:19:14]} 13. Qd1 {[%clk 1:22:08]} Qd7 {[%clk 1:07:32]} 14. Qb3
{[%clk 1:20:14]} Nd5 {[%clk 1:02:52]} 15. Be5 {[%clk 1:19:02]} Bf6
{[%clk 1:00:23]} 16. Rad1 {[%clk 1:17:47]} Bxe5 {[%clk 0:50:46]} 17. dxe5
{[%clk 1:16:55]} Qe7 {[%clk 0:47:06]} 18. c4 {[%clk 1:13:55]} Nf4
{[%clk 0:45:02]} 19. Bb1 {[%clk 1:10:11]} O-O {[%clk 0:41:23]} 20. Qg3
{[%clk 1:09:08]} Ng6 {[%clk 0:41:11]} 21. Rd6 {[%clk 1:08:14]} Rad8
{[%clk 0:40:17]} 22. Red1 {[%clk 1:06:27]} Qc7 {[%clk 0:30:10]} 23. Bxg6
{[%clk 1:02:04]} hxg6 {[%clk 0:30:00]} 24. Qd3 {[%clk 1:02:25]} Rb8
{[%clk 0:27:05]} 25. c5 {[%clk 0:57:01]} Qa5 {[%clk 0:26:25]} 26. Qc4
{[%clk 0:56:29]} Qc7 {[%clk 0:22:51]} 27. f4 {[%clk 0:55:28]} Qe7
{[%clk 0:20:47]} 28. g3 {[%clk 0:53:11]} Rfd8 {[%clk 0:19:32]} 29. Qd4
{[%clk 0:48:41]} Rxd6 {[%clk 0:19:54]} 30. cxd6 {[%clk 0:48:39]} Qd7
{[%clk 0:19:33]} 31. Qxa7 {[%clk 0:48:53]} Rf8 {[%clk 0:18:33]} 32. Rd3
{[%clk 0:48:44]} c5 {[%clk 0:16:56]} 33. Rb3 {[%clk 0:47:31]} Qc6
{[%clk 0:15:38]} 34. Qxb7 {[%clk 0:47:42]} Qa4 {[%clk 0:15:45]} 35. Kg2
{[%clk 0:37:29]} Qc4 {[%clk 0:10:57]} 36. Kh3 {[%clk 0:34:59]} Qf1+
{[%clk 0:08:06]} 37. Qg2 {[%clk 0:35:21]} Qb1 {[%clk 0:08:13]} 38. Qe2
{[%clk 0:34:34]} Qxa2 {[%clk 0:08:09]} 39. Rd3 {[%clk 0:33:34]} f6
{[%clk 0:04:56]} 40. exf6 {[%clk 1:02:46]} gxf6 {[%clk 0:34:31]} 41. Qe4
{[%clk 1:02:35]} Kg7 {[%clk 0:33:32]} 42. Ra3 {[%clk 0:58:46]} Rh8+
{[%clk 0:33:25]} 0-1

[Event "WYCC Open 10"]
[Site "Porto Carras"]
[Date "2015.10.27"]
[Round "3.12"]
[White "Yu, Jason"]
[Black "Morgunov, Marc"]
[Result "1/2-1/2"]
[BlackElo "1886"]
[WhiteElo "1565"]
[LiveChessVersion "1.4.6"]

1. e4 {[%clk 1:30:59]} c5 {[%clk 1:30:55]} 2. Nf3 {[%clk 1:31:25]} Nc6
{[%clk 1:31:18]} 3. d4 {[%clk 1:31:51]} cxd4 {[%clk 1:31:44]} 4. Nxd4
{[%clk 1:32:17]} e5 {[%clk 1:32:09]} 5. Nb5 {[%clk 1:32:43]} a6 {[%clk 1:32:34]}
6. Nd6+ {[%clk 1:33:07]} Bxd6 {[%clk 1:32:59]} 7. Qxd6 {[%clk 1:33:36]} Qe7
{[%clk 1:33:18]} 8. Qxe7+ {[%clk 1:33:55]} Ngxe7 {[%clk 1:33:39]} 9. Nc3
{[%clk 1:33:58]} Nb4 {[%clk 1:33:48]} 10. Kd1 {[%clk 1:33:32]} d6
{[%clk 1:33:56]} 11. Bc4 {[%clk 1:33:26]} b5 {[%clk 1:30:00]} 12. Be2
{[%clk 1:32:32]} Nbc6 {[%clk 1:26:34]} 13. Be3 {[%clk 1:29:20]} Be6
{[%clk 1:25:05]} 14. Bd3 {[%clk 1:24:11]} O-O {[%clk 1:22:45]} 15. f3
{[%clk 1:17:32]} Rfd8 {[%clk 1:20:05]} 16. Ke2 {[%clk 1:16:55]} Nb4
{[%clk 1:17:13]} 17. a3 {[%clk 1:16:52]} Nxd3 {[%clk 1:16:20]} 18. cxd3
{[%clk 1:16:09]} d5 {[%clk 1:14:55]} 19. exd5 {[%clk 1:12:11]} Bxd5
{[%clk 1:13:16]} 20. Nxd5 {[%clk 1:11:57]} Nxd5 {[%clk 1:13:11]} 21. Rhd1
{[%clk 1:11:46]} Rac8 {[%clk 1:09:28]} 22. Rac1 {[%clk 1:11:40]} b4
{[%clk 1:02:53]} 23. Rxc8 {[%clk 1:10:32]} Rxc8 {[%clk 1:02:36]} 24. Rc1
{[%clk 1:10:44]} Rxc1 {[%clk 0:58:55]} 25. Bxc1 {[%clk 1:11:09]} b3
{[%clk 0:56:57]} 26. d4 {[%clk 1:08:26]} exd4 {[%clk 0:43:13]} 27. Kd3
{[%clk 1:07:58]} Kf8 {[%clk 0:41:53]} 28. Kxd4 {[%clk 1:08:27]} Nb6
{[%clk 0:41:07]} 29. Kc5 {[%clk 1:08:45]} Nd7+ {[%clk 0:40:56]} 30. Kb4
{[%clk 1:08:21]} Ke7 {[%clk 0:40:04]} 31. Kxb3 {[%clk 1:08:46]} Kd6
{[%clk 0:40:02]} 32. Kc4 {[%clk 1:08:53]} Ne5+ {[%clk 0:39:59]} 33. Kd4
{[%clk 1:08:44]} Nc6+ {[%clk 0:39:41]} 34. Kc3 {[%clk 1:08:37]} Kd5
{[%clk 0:38:42]} 35. Be3 {[%clk 1:08:09]} Ne5 {[%clk 0:37:00]} 36. b3
{[%clk 1:03:26]} Nc6 {[%clk 0:34:15]} 37. b4 {[%clk 0:59:05]} Ne5
{[%clk 0:30:24]} 38. a4 {[%clk 0:57:39]} Nc4 {[%clk 0:28:46]} 39. Bd4
{[%clk 0:56:13]} f6 {[%clk 0:28:09]} 40. b5 {[%clk 1:24:58]} axb5
{[%clk 0:57:40]} 41. axb5 {[%clk 1:25:23]} Nd6 {[%clk 0:56:59]} 1/2-1/2

[Event "WYCC Open 10"]
[Site "Porto Carras"]
[Date "2015.10.28"]
[Round "4.1"]
[White "Sindarov, Javokhir"]
[Black "Babazada, Khazar"]
[Result "1-0"]
[BlackElo "1938"]
[WhiteElo "2299"]
[LiveChessVersion "1.4.6"]

1. e4 {[%clk 1:30:59]} c5 {[%clk 1:30:35]} 2. Nc3 {[%clk 1:31:18]} e6
{[%clk 1:30:40]} 3. g3 {[%clk 1:31:30]} d5 {[%clk 1:30:48]} 4. exd5
{[%clk 1:31:54]} exd5 {[%clk 1:31:14]} 5. Qe2+ {[%clk 1:32:18]} Be7
{[%clk 1:30:54]} 6. Bg2 {[%clk 1:32:30]} Nf6 {[%clk 1:30:53]} 7. d3
{[%clk 1:32:39]} O-O {[%clk 1:30:49]} 8. Nf3 {[%clk 1:32:57]} Nc6
{[%clk 1:30:54]} 9. O-O {[%clk 1:32:25]} Bg4 {[%clk 1:30:15]} 10. Qd2
{[%clk 1:28:24]} Qd7 {[%clk 1:29:20]} 11. Re1 {[%clk 1:26:37]} Bd6
{[%clk 1:19:00]} 12. b3 {[%clk 1:25:41]} Rfe8 {[%clk 1:06:45]} 13. Bb2
{[%clk 1:23:55]} Bxf3 {[%clk 0:58:00]} 14. Bxf3 {[%clk 1:24:11]} Be5
{[%clk 0:58:01]} 15. Rab1 {[%clk 1:23:30]} Rad8 {[%clk 0:57:04]} 16. Bg2
{[%clk 1:19:23]} Qf5 {[%clk 0:55:47]} 17. Ba3 {[%clk 1:08:43]} b6
{[%clk 0:47:02]} 18. Nd1 {[%clk 1:08:57]} Qd7 {[%clk 0:47:15]} 19. Ne3
{[%clk 1:08:16]} d4 {[%clk 0:46:57]} 20. Nf5 {[%clk 0:58:48]} Qxf5
{[%clk 0:41:50]} 21. Bxc6 {[%clk 0:58:45]} Re6 {[%clk 0:41:39]} 22. Bg2
{[%clk 0:51:22]} Rde8 {[%clk 0:41:41]} 23. b4 {[%clk 0:47:59]} Bd6
{[%clk 0:38:28]} 24. Rxe6 {[%clk 0:48:12]} Qxe6 {[%clk 0:38:37]} 25. Ra1
{[%clk 0:41:53]} Nd5 {[%clk 0:33:46]} 26. bxc5 {[%clk 0:41:46]} Bxc5
{[%clk 0:33:12]} 27. Bxc5 {[%clk 0:42:04]} bxc5 {[%clk 0:33:00]} 28. Qa5
{[%clk 0:42:32]} Qb6 {[%clk 0:29:52]} 29. Qa4 {[%clk 0:37:27]} Nf6
{[%clk 0:29:54]} 30. h3 {[%clk 0:34:57]} g6 {[%clk 0:30:03]} 31. g4
{[%clk 0:28:00]} Re7 {[%clk 0:29:18]} 32. Bf3 {[%clk 0:24:50]} Qc7
{[%clk 0:28:34]} 33. Kg2 {[%clk 0:22:11]} Kg7 {[%clk 0:27:34]} 34. Rb1
{[%clk 0:16:10]} Qd6 {[%clk 0:27:25]} 35. Qc4 {[%clk 0:15:43]} Nd7
{[%clk 0:26:21]} 36. Rb5 {[%clk 0:15:26]} Qf4 {[%clk 0:24:26]} 37. Qd5
{[%clk 0:14:27]} Qf6 {[%clk 0:19:15]} 38. Rb7 {[%clk 0:12:43]} Ne5
{[%clk 0:18:42]} 39. Be4 {[%clk 0:13:01]} Rxb7 {[%clk 0:18:38]} 40. Qxb7
{[%clk 0:43:29]} Qf4 {[%clk 0:48:49]} 41. Qe7 {[%clk 0:37:54]} h5
{[%clk 0:44:48]} 42. gxh5 {[%clk 0:27:49]} gxh5 {[%clk 0:44:39]} 43. Qxc5
{[%clk 0:28:09]} Qg5+ {[%clk 0:44:53]} 44. Kf1 {[%clk 0:28:00]} h4
{[%clk 0:42:45]} 45. Ke2 {[%clk 0:26:20]} Nf3 {[%clk 0:40:03]} 46. Qxa7
{[%clk 0:17:00]} Ng1+ {[%clk 0:40:26]} 47. Kd1 {[%clk 0:17:27]} Qh5+
{[%clk 0:40:31]} 48. Kc1 {[%clk 0:17:36]} Qg5+ {[%clk 0:40:28]} 49. Kb2
{[%clk 0:13:39]} Qb5+ {[%clk 0:40:24]} 50. Ka1 {[%clk 0:13:42]} Qb4
{[%clk 0:40:40]} 51. a3 {[%clk 0:12:55]} Qc3+ {[%clk 0:40:36]} 52. Kb1
{[%clk 0:12:26]} Ne2 {[%clk 0:40:54]} 53. Qe7 {[%clk 0:12:30]} Qe1+
{[%clk 0:40:21]} 54. Ka2 {[%clk 0:12:36]} Qxf2 {[%clk 0:37:29]} 55. a4
{[%clk 0:07:54]} Qe1 {[%clk 0:37:42]} 56. Qg5+ {[%clk 0:08:13]} Kf8
{[%clk 0:38:09]} 57. Qc5+ {[%clk 0:08:19]} Kg7 {[%clk 0:38:10]} 58. Bc6
{[%clk 0:07:25]} Nc1+ {[%clk 0:29:54]} 59. Kb2 {[%clk 0:07:38]} Qe3
{[%clk 0:29:56]} 60. a5 {[%clk 0:07:16]} Nxd3+ {[%clk 0:30:04]} 61. cxd3
{[%clk 0:07:31]} Qd2+ {[%clk 0:30:22]} 62. Kb3 {[%clk 0:07:49]} Qxd3+
{[%clk 0:30:45]} 63. Kb4 {[%clk 0:08:06]} Qd2+ {[%clk 0:29:15]} 64. Kc4
{[%clk 0:08:19]} Kg8 {[%clk 0:29:11]} 65. Be4 {[%clk 0:06:59]} Qc3+
{[%clk 0:29:14]} 66. Kd5 {[%clk 0:06:52]} Qxh3 {[%clk 0:29:35]} 67. Kxd4
{[%clk 0:07:11]} Qd7+ {[%clk 0:30:00]} 68. Kc3 {[%clk 0:07:17]} Qa4
{[%clk 0:29:54]} 69. Qg5+ {[%clk 0:07:23]} Kf8 {[%clk 0:30:22]} 70. Qd8+
{[%clk 0:07:52]} Kg7 {[%clk 0:30:43]} 71. Qd4+ 1-0

[Event "WYCC Open 10"]
[Site "Porto Carras"]
[Date "2015.10.28"]
[Round "4.2"]
[White "Sartorio, William J"]
[Black "Praggnanandhaa, R"]
[Result "0-1"]
[BlackElo "2077"]
[WhiteElo "1725"]
[LiveChessVersion "1.4.6"]

1. e4 {[%clk 1:30:57]} e5 {[%clk 1:30:44]} 2. Nf3 {[%clk 1:31:22]} Nc6
{[%clk 1:30:59]} 3. Bc4 {[%clk 1:31:46]} Nf6 {[%clk 1:31:22]} 4. d3
{[%clk 1:32:12]} Bc5 {[%clk 1:31:44]} 5. c3 {[%clk 1:32:37]} a6 {[%clk 1:31:55]}
6. Bb3 {[%clk 1:33:02]} Ba7 {[%clk 1:32:17]} 7. O-O {[%clk 1:32:48]} d6
{[%clk 1:32:16]} 8. Nbd2 {[%clk 1:32:53]} O-O {[%clk 1:31:55]} 9. h3
{[%clk 1:33:04]} h6 {[%clk 1:29:06]} 10. Re1 {[%clk 1:29:18]} Ne7
{[%clk 1:28:29]} 11. Nf1 {[%clk 1:27:41]} Ng6 {[%clk 1:27:39]} 12. Ng3
{[%clk 1:27:52]} Re8 {[%clk 1:27:10]} 13. d4 {[%clk 1:22:16]} b5 {[%clk 1:26:06]}
14. Bc2 {[%clk 1:12:53]} Bb7 {[%clk 1:25:59]} 15. d5 {[%clk 1:11:21]} c6
{[%clk 1:23:02]} 16. dxc6 {[%clk 1:04:23]} Bxc6 {[%clk 1:22:58]} 17. Be3
{[%clk 1:04:37]} Bxe3 {[%clk 1:11:33]} 18. Rxe3 {[%clk 1:00:34]} Qc7
{[%clk 1:08:40]} 19. Re1 {[%clk 0:53:46]} Rad8 {[%clk 1:04:47]} 20. Bb3
{[%clk 0:48:54]} d5 {[%clk 1:00:41]} 21. exd5 {[%clk 0:48:01]} Nxd5
{[%clk 1:00:32]} 22. Qc2 {[%clk 0:46:24]} Ndf4 {[%clk 0:57:43]} 23. Ne4
{[%clk 0:44:12]} Kh8 {[%clk 0:55:45]} 24. Re3 {[%clk 0:40:54]} f5
{[%clk 0:45:46]} 25. Ng3 {[%clk 0:36:34]} Nxg2 {[%clk 0:43:58]} 26. Kxg2
{[%clk 0:35:58]} Nh4+ {[%clk 0:43:44]} 27. Kf1 {[%clk 0:35:29]} Nxf3
{[%clk 0:43:23]} 28. Qxf5 {[%clk 0:32:02]} Rf8 {[%clk 0:42:12]} 29. Qc2
{[%clk 0:31:40]} Qc8 {[%clk 0:41:01]} 30. Rd1 {[%clk 0:26:13]} Qxh3+
{[%clk 0:24:50]} 31. Ke2 {[%clk 0:26:09]} Qg2 {[%clk 0:22:41]} 32. Rxd8
{[%clk 0:22:13]} Rxd8 {[%clk 0:22:04]} 33. Rd3 {[%clk 0:22:07]} Rf8
{[%clk 0:21:40]} 34. Qc1 {[%clk 0:14:24]} Nd4+ {[%clk 0:21:03]} 35. Kd1
{[%clk 0:11:59]} Qg1+ {[%clk 0:21:31]} 36. Kd2 {[%clk 0:06:08]} Rxf2+
{[%clk 0:21:39]} 37. Ke3 {[%clk 0:05:35]} Re2# {[%clk 0:22:02]} 0-1

[Event "WYCC Open 10"]
[Site "Porto Carras"]
[Date "2015.10.28"]
[Round "4.3"]
[White "Guo, Arthur"]
[Black "Daneshvar, Bardiya"]
[Result "1/2-1/2"]
[BlackElo "1897"]
[WhiteElo "2073"]
[LiveChessVersion "1.4.6"]

1. e4 {[%clk 1:30:57]} c5 {[%clk 1:30:53]} 2. Ne2 {[%clk 1:31:21]} d6
{[%clk 1:31:10]} 3. g3 {[%clk 1:31:44]} Nc6 {[%clk 1:31:26]} 4. Bg2
{[%clk 1:32:09]} g6 {[%clk 1:31:35]} 5. c3 {[%clk 1:32:30]} Bg7 {[%clk 1:31:40]}
6. O-O {[%clk 1:31:44]} e5 {[%clk 1:31:54]} 7. d3 {[%clk 1:31:56]} Nge7
{[%clk 1:32:06]} 8. Be3 {[%clk 1:32:05]} O-O {[%clk 1:30:54]} 9. Nd2
{[%clk 1:32:22]} Be6 {[%clk 1:30:38]} 10. f4 {[%clk 1:31:31]} Rc8
{[%clk 1:28:40]} 11. Nf3 {[%clk 1:28:55]} h6 {[%clk 1:25:37]} 12. Qd2
{[%clk 1:28:12]} Kh7 {[%clk 1:25:43]} 13. Nh4 {[%clk 1:18:08]} f5
{[%clk 1:22:54]} 14. d4 {[%clk 1:06:54]} exd4 {[%clk 1:18:15]} 15. cxd4
{[%clk 1:06:47]} Bc4 {[%clk 1:18:03]} 16. exf5 {[%clk 0:56:43]} Nxf5
{[%clk 1:17:29]} 17. Nxf5 {[%clk 0:57:05]} gxf5 {[%clk 1:17:34]} 18. d5
{[%clk 0:46:05]} Nd4 {[%clk 1:10:23]} 19. Bxd4 {[%clk 0:42:57]} cxd4
{[%clk 1:09:54]} 20. Rfd1 {[%clk 0:42:24]} Bxe2 {[%clk 1:09:07]} 21. Qxe2
{[%clk 0:42:38]} Qe8 {[%clk 1:08:29]} 22. Qf1 {[%clk 0:37:15]} Rc2
{[%clk 1:07:41]} 23. Re1 {[%clk 0:36:44]} Qa4 {[%clk 1:05:26]} 24. b3
{[%clk 0:34:24]} Qa3 {[%clk 1:04:58]} 25. Re7 {[%clk 0:31:38]} Rxa2
{[%clk 1:01:00]} 26. Rc1 {[%clk 0:29:32]} Rg8 {[%clk 0:53:17]} 27. Rxb7
{[%clk 0:28:03]} d3 {[%clk 0:49:42]} 28. Rd1 {[%clk 0:27:55]} Qa6
{[%clk 0:47:15]} 29. Rd7 {[%clk 0:21:35]} Qc8 {[%clk 0:46:04]} 30. Re7
{[%clk 0:21:22]} Qd8 {[%clk 0:46:22]} 31. Re6 {[%clk 0:18:50]} Qb6+
{[%clk 0:46:01]} 32. Kh1 {[%clk 0:18:59]} Qxb3 {[%clk 0:39:26]} 33. Rxd6
{[%clk 0:15:18]} Re8 {[%clk 0:37:09]} 34. Rxd3 {[%clk 0:12:31]} Qc2
{[%clk 0:36:43]} 35. Rc6 {[%clk 0:12:29]} Qb2 {[%clk 0:35:56]} 36. Re6
{[%clk 0:10:45]} Rc8 {[%clk 0:35:45]} 37. Rc6 {[%clk 0:08:57]} Re8
{[%clk 0:36:08]} 38. Re6 {[%clk 0:06:27]} Rc8 {[%clk 0:36:31]} 39. Rc6
{[%clk 0:01:26]} 1/2-1/2

[Event "WYCC Open 10"]
[Site "Porto Carras"]
[Date "2015.10.28"]
[Round "4.4"]
[White "Wang, Justin"]
[Black "Zhou, Aiden"]
[Result "1-0"]
[BlackElo "1870"]
[WhiteElo "2046"]
[LiveChessVersion "1.4.6"]

1. e4 {[%clk 1:30:57]} c5 {[%clk 1:30:55]} 2. c3 {[%clk 1:30:54]} d5
{[%clk 1:30:59]} 3. exd5 {[%clk 1:31:15]} Qxd5 {[%clk 1:31:22]} 4. d4
{[%clk 1:31:34]} Nc6 {[%clk 1:31:17]} 5. Nf3 {[%clk 1:31:48]} Bg4
{[%clk 1:30:46]} 6. Be2 {[%clk 1:32:13]} cxd4 {[%clk 1:30:34]} 7. cxd4
{[%clk 1:32:30]} e6 {[%clk 1:30:42]} 8. O-O {[%clk 1:32:51]} Qa5 {[%clk 1:29:51]}
9. h3 {[%clk 1:32:37]} Bh5 {[%clk 1:29:46]} 10. Nc3 {[%clk 1:31:10]} Bb4
{[%clk 1:29:09]} 11. Bd2 {[%clk 1:29:48]} Nge7 {[%clk 1:28:20]} 12. a3
{[%clk 1:29:42]} Bxc3 {[%clk 1:28:21]} 13. Bxc3 {[%clk 1:30:07]} Qd5
{[%clk 1:28:12]} 14. g4 {[%clk 1:24:01]} Bg6 {[%clk 1:24:40]} 15. Ne5
{[%clk 1:22:36]} Nxe5 {[%clk 1:02:58]} 16. dxe5 {[%clk 1:23:01]} Qxd1
{[%clk 0:54:54]} 17. Rfxd1 {[%clk 1:23:21]} Be4 {[%clk 0:52:40]} 18. Bb4
{[%clk 1:22:09]} Bc6 {[%clk 0:48:42]} 19. Bd6 {[%clk 1:19:17]} Nd5
{[%clk 0:47:56]} 20. Rac1 {[%clk 1:18:51]} Kd7 {[%clk 0:37:37]} 21. Rd4
{[%clk 1:18:37]} Rac8 {[%clk 0:29:44]} 22. f4 {[%clk 1:17:31]} g6
{[%clk 0:24:22]} 23. Bd3 {[%clk 1:16:34]} Rhg8 {[%clk 0:17:23]} 24. Kf2
{[%clk 1:14:41]} a6 {[%clk 0:14:42]} 25. a4 {[%clk 1:13:18]} f5 {[%clk 0:11:58]}
26. Ra1 {[%clk 1:11:18]} Ra8 {[%clk 0:11:05]} 27. Rg1 {[%clk 1:09:08]} Rac8
{[%clk 0:09:35]} 28. h4 {[%clk 1:08:36]} Rh8 {[%clk 0:07:48]} 29. gxf5
{[%clk 1:05:26]} gxf5 {[%clk 0:06:04]} 30. Rg7+ {[%clk 1:05:42]} Ke8
{[%clk 0:05:50]} 31. Ke2 {[%clk 1:03:53]} Rd8 {[%clk 0:04:41]} 32. Rxd5
{[%clk 1:01:51]} Bxd5 {[%clk 0:04:37]} 33. Re7+ {[%clk 1:02:08]} Kf8
{[%clk 0:04:31]} 34. Rxe6+ {[%clk 1:02:11]} Kg7 {[%clk 0:04:10]} 35. Rf6
{[%clk 1:02:14]} Be4 {[%clk 0:04:00]} 36. Bxe4 {[%clk 1:02:06]} fxe4
{[%clk 0:04:16]} 37. Ke3 {[%clk 1:01:29]} h5 {[%clk 0:03:51]} 38. Kxe4
{[%clk 1:00:30]} Rh6 {[%clk 0:03:22]} 39. Rxh6 {[%clk 1:00:42]} Kxh6
{[%clk 0:03:43]} 40. Kf5 {[%clk 1:31:02]} Kg7 {[%clk 0:32:05]} 41. Ke6
{[%clk 1:31:20]} Re8+ {[%clk 0:29:51]} 42. Be7 {[%clk 1:31:42]} Rc8
{[%clk 0:29:31]} 43. f5 {[%clk 1:32:07]} Rc6+ {[%clk 0:29:57]} 44. Bd6
{[%clk 1:32:34]} Rxd6+ {[%clk 0:29:41]} 45. exd6 {[%clk 1:32:58]} b5
{[%clk 0:30:01]} 46. d7 {[%clk 1:33:25]} b4 {[%clk 0:30:26]} 47. d8=Q
{[%clk 1:33:52]} b3 {[%clk 0:30:50]} 48. Qg5+ {[%clk 1:34:19]} Kh7
{[%clk 0:31:15]} 49. Kf7 {[%clk 1:34:46]} Kh8 {[%clk 0:31:37]} 50. Qxh5#
{[%clk 1:35:11]} 1-0